| 000 | 00346nam a22001457a 4500 | ||
|---|---|---|---|
| 008 | 210305b ||||| |||| 00| 0 eng d | ||
| 020 | _a9780176501761 | ||
| 041 | _aeng | ||
| 080 |
_25th _a338 |
||
| 082 | _2338 | ||
| 100 | _a53 | ||
| 101 | _aMEN | ||
| 245 |
_aManaging Performance through Training and Development _cSaks,M.A |
||
| 942 |
_2udc _cBK |
||
| 999 |
_c55787 _d55787 |
||